000 00484nam a22001817a 4500
005 20230117120925.0
008 170915b xxu||||| |||| 00| 0 eng d
020 _a978-81-31-2710-2
041 _aeng
082 _a547.07
_bMAN-P
100 _aMANN, F.G. AND SAUNDERS,B.C.
_93917
245 _aPRACTICAL ORGANIC CHEMISTRY
_cF.G.MANN AND B.C.SAUNDERS
250 _a4th.
260 _bPEARSON
_c2009
300 _a586p,
650 _aPHARMACY
_xB.PHARMA & D.PHARMA
_97472
942 _cBK
999 _c5558
_d5556